• 首页
  • 本馆介绍
  • 公告通知
  • 最新文献
  • 馆藏检索
  • 电子资源
  • 读者导购
  • 参考咨询
  • 我的图书馆
  • 登录
  • 详细信息显示
  • 放入我的书架
  • 预约/预借图书
  • 作者相关作品
  • 分类相关作品
  • 丛书相关作品
  • 出版社相关作品

书目信息

  • 表格格式
  • 工作单格式
  • 卡片格式
题名:
有花的日子
    
 
作者: 陈暖 主编
分册:  
出版信息: 北京   中国林业出版社  2019
页数: 281页
开本: 21cm
丛书名:
单 册:
中图分类: J525.12
科图分类:
主题词: 花卉装饰--装饰美术
电子资源:
ISBN: 978-7-5219-0008-8
000 00895nam0 2200241 450
001 2376833332
005 20231102212059.82
010    @a978-7-5219-0008-8@dCNY88.00
100    @a20190627d2019 em y0chiy50 ea
101 0  @achi
102    @aCN@b110000
105    @aa z 000yy
200 1  @a有花的日子@9you hua de ri zi@e超人气日式花艺设计课@f陈暖主编
210    @a北京@c中国林业出版社@d2019
215    @a281页@c彩照,彩图@d21cm
314    @a陈暖,女,J-Flower花艺教师创始人等。
330    @a有花的日子是日式MANI风插花的作品集合,包括设计原理加解读加主图和细节图。从花植材料挑选、捧花、瓶花、创意花配等多个方面分区讲解MANI风的插花作品。
517 1  @a超人气日式花艺设计课@9chao ren qi ri shi hua yi she ji ke
606 0  @a花卉装饰@x装饰美术
690    @aJ525.12@v5
701  0 @a陈暖@9chen nuan@4主编
801  0 @aCN@b大连网信软件有限公司图书馆·11@c20231102
905    @aBZT@dJ525.12@e18
    
    有花的日子:超人气日式花艺设计课/陈暖主编.-北京:中国林业出版社,2019
    281页:彩照,彩图;21cm
    
    
    ISBN 978-7-5219-0008-8:CNY88.00
    有花的日子是日式MANI风插花的作品集合,包括设计原理加解读加主图和细节图。从花植材料挑选、捧花、瓶花、创意花配等多个方面分区讲解MANI风的插花作品。
●
相关链接 在五车中查询图书 在当当中查询图书 在豆瓣中查询图书


正题名:有花的日子     索取号:J525.12/18         预约/预借

序号 登录号 条形码 馆藏地/架位号 状态 备注
1 2000978669   2000978669   第四书库/四35架B面4层6列/ [索取号:J525.12/18] 在馆    
2 2000978670   2000978670   第四书库/四35架B面4层6列/ [索取号:J525.12/18] 在馆    
3 2000978671   2000978671   第四书库/四35架B面4层6列/ [索取号:J525.12/18] 在馆    
4 2000978672   2000978672   第四书库/四35架B面4层6列/ [索取号:J525.12/18] 在馆    
5 2000978673   2000978673   第四书库/四35架B面4层6列/ [索取号:J525.12/18] 在馆    
6 2000978674   2000978674   第四书库/四35架B面4层6列/ [索取号:J525.12/18] 在馆    
山东省滨州职业学院图书馆 欢迎您!
大连网信软件有限公司© 版权所有